Voces de bohío : (Registro nro. 13811)
[ vista simple ]
| 000 -LEADER | |
|---|---|
| fixed length control field | 00925nam a2200277 a 4500 |
| 001 - CONTROL NUMBER | |
| control field | |
| 003 - CONTROL NUMBER IDENTIFIER | |
| control field | DO-SdBNP |
| 005 - DATE AND TIME OF LATEST TRANSACTION | |
| control field | 20211020110120.0 |
| 008 - FIXED-LENGTH DATA ELEMENTS--GENERAL INFORMATION | |
| fixed length control field | 110315s2010 dr a 000 0 spa d |
| 020 ## - INTERNATIONAL STANDARD BOOK NUMBER | |
| International Standard Book Number | 9789945020953 |
| 040 ## - CATALOGING SOURCE | |
| Original cataloging agency | DO-SdBNP |
| Language of cataloging | spa |
| Transcribing agency | BPMSU |
| 082 ## - DEWEY DECIMAL CLASSIFICATION NUMBER | |
| Classification number | R497.03 |
| Item number | G216v, 2010 |
| Edition number | 22 |
| 100 1# - MAIN ENTRY--PERSONAL NAME | |
| Personal name | García Bidó, Rafael, |
| Dates associated with a name | 1953- |
| 245 10 - TITLE STATEMENT | |
| Title | Voces de bohío : |
| Remainder of title | vocabulario de la cultura taína / |
| Statement of responsibility, etc. | Rafael García Bidó. |
| 250 ## - EDITION STATEMENT | |
| Edition statement | 4ª ed. |
| 260 ## - PUBLICATION, DISTRIBUTION, ETC. (IMPRINT) | |
| Place of publication, distribution, etc. | Santo Domingo : |
| Name of publisher, distributor, etc. | Archivo General de la Nación, |
| Date of publication, distribution, etc. | 2010. |
| 300 ## - PHYSICAL DESCRIPTION | |
| Extent | 155 p. : |
| Other physical details | il. ; |
| Dimensions | 23 cm. |
| 490 0# - SERIES STATEMENT | |
| Series statement | Archivo General de la Nación; |
| -- | Cuadernos populares, |
| Volume/sequential designation | 3 |
| 504 ## - BIBLIOGRAPHY, ETC. NOTE | |
| Bibliography, etc | Bibliografía : p. 147-148 |
| 590 ## - LOCAL NOTE (RLIN) | |
| Local note | Inventariado, 2021/VM |
| 650 #4 - SUBJECT ADDED ENTRY--TOPICAL TERM | |
| Topical term or geographic name as entry element | Lenguas indígenas |
| Form subdivision | Diccionarios |
| 650 #4 - SUBJECT ADDED ENTRY--TOPICAL TERM | |
| Topical term or geographic name as entry element | Indígenas de las antillas |
| General subdivision | Lenguas |
| Form subdivision | Diccionarios |
| 650 #4 - SUBJECT ADDED ENTRY--TOPICAL TERM | |
| Topical term or geographic name as entry element | Taínos |
| General subdivision | Lenguas |
| Form subdivision | Diccionarios |
| 910 ## - USER-OPTION DATA (OCLC) | |
| User-option data | VMateo V. |
| 942 ## - ADDED ENTRY ELEMENTS (KOHA) | |
| Source of classification or shelving scheme | Dewey Decimal Classification |
| Koha item type | Libros |
| Withdrawn status | Lost status | Source of classification or shelving scheme | Damaged status | Not for loan | Collection code | Home library | Current library | Date acquired | Source of acquisition | Total Checkouts | Full call number | Barcode | Date last seen | Price effective from | Koha item type | Copy number |
|---|---|---|---|---|---|---|---|---|---|---|---|---|---|---|---|---|
| Dewey Decimal Classification | Colección Dominicana | Biblioteca Pública Metropolitana Salomé Ureña | Biblioteca Pública Metropolitana Salomé Ureña | 10/20/2021 | AGN | BPMSU CD R497.03 G216v, 2010 | BPMSU21100129 | 10/20/2021 | 10/20/2021 | Libros | ||||||
| Dewey Decimal Classification | Colección Dominicana | Biblioteca Pública Metropolitana Salomé Ureña | Biblioteca Pública Metropolitana Salomé Ureña | 10/20/2021 | AGN | BPMSU CD R497.03 G216v, 2010 | BPMSU21100149 | 10/26/2021 | 10/20/2021 | Libros | e.2 |